Film dont le titre commence par un V (2) - Version facile - Statistiques

Statistiques générales
  • Ce quiz a été pris 9 fois
  • Le résultat moyen est 5 sur 30
Statistiques - réponses
Année Réalisateur Genre 1 acteur ou
1 actrice
Titre Indice facile % Correct
1975 Milos Forman Drame psychologique Jack Nicholson Vol au-dessus d'un nid de coucou nid
78%
1977 Coluche Comédie Luis Rego Vous n'aurez pas l'Alsace et la Lorraine Alsace
67%
1938 George Cukor Comédie dramatique Katherine Hepburn Vacances *
56%
1991 Maurice Pialat Drame Jacques Dutronc Van Gogh *
56%
1975 Orson Welles Comédie dramatique Joseph Cotten Vérités et mensonges mensonges
44%
1954 Richard Fleischer Aventures Kirk Douglas Vingt mille lieues sous les mers mille
33%
1978 Claude Chabrol Drame Isabelle Huppert Violette Nozière *
33%
1951 Claude Heymann Drame psychologique Jean Gabin Victor *
22%
1950 Mel Ferrer Drame Hillary Brooke Vendetta *
11%
1980 Sean Cunningham Horreur Kevin Bacon Vendredi 13 *
11%
1974 André Cayatte Drame psychologique Jean Gabin Verdict *
11%
2017 Jean-François Davy Comédie Léopold Bellanger Vive la crise crise
11%
1956 Julien Duvivier Drame Jean Gabin Voici le temps des assassins temps
11%
1954 Roberto Rossellini Comédie dramatique Ingrid Bergman Voyage en Italie Voyage
11%
1955 David Lean Comédie dramatique Katherine Hepburn Vacances à Venise Vacances
0%
1935 Jean Gremillon Comédie Henri Garat Valse royale *
0%
2014 Mark Waters Fantastique Laurie Davidson Vampire academy *
0%
1961 Roberto Rossellini Comédie dramatique Laurent Terzieff Vanina Vanini *
0%
2000 Jacques Rivette Comédie dramatique Jeanne Balibar Va savoir *
0%
1943 Jacques Tourneur Fantastique James Elison Vaudou *
0%
1994 Ole Bornedal Comédie dramatique Kim Bodnia Veilleur de nuit nuit
0%
1949 Robert Vernay Musical Jean Desailly Véronique *
0%
1939 John Ford Western Henry Fonda Vers sa destinée Vers
0%
1949 Mervyn LeRoy Comédie dramatique James Mason Ville haute ville basse haute
0%
2016 Julien Gaspar-Oliveri Drame Lucie Debay Villeperdue *
0%
2014 Thomas Salvador Fantastique Ludovic Duckel Vincent n'a pas d'écailles Vincent
0%
1952 Richard Pottier Musical Luis Mariano Violettes impériales *
0%
2017 Hélène Fillières Comédie dramatique Lambert Wilson Volontaire *
0%
1953 Charles Warren Aventures Joan Fontaine Vol sur Tanger Tanger
0%
1980 Robert Pouret Comédie Jean Reno Voulez-vous un bébé Nobel bébé
0%
Aucun quiz correspondant
Distribution des résultats
% des personnes avec chaque résultat
Percentile par nombre de réponses
Votre historique - résultats
Vous n’avez pas pris ce quiz